Information systems journal.
An international journal promoting the study and practice of information systems.
সংরক্ষণ করুন:
| LEADER | 06490cas a2200865 a 4500 | ||
|---|---|---|---|
| 001 | c000399837 | ||
| 003 | CARM | ||
| 005 | 20160519171045.0 | ||
| 007 | ta | ||
| 008 | 160219c19949999enkqr p 0 a0eng d | ||
| 010 | |a 94648195 | ||
| 015 | |a GB9493284 |2 bnb | ||
| 019 | 1 | |a 10709619 |5 LACONCORD2021 | |
| 022 | |a 1350-1917 | ||
| 022 | |a 1365-2575 |y 0959-2954 | ||
| 030 | |a ISYJER | ||
| 035 | |a (OCoLC)29858565 |5 LACONCORD2021 | ||
| 040 | |a SFED:AD |b eng |c SFED:AD |d SUSA |d ANL |d ANL | ||
| 042 | |a lc | ||
| 050 | 0 | 0 | |a T58.6 |b .I513 |
| 082 | 0 | 4 | |a 658.403801105 |2 23 |
| 130 | 0 | |a Information systems journal (Oxford, England) | |
| 210 | 0 | |a Inf. syst. j. |b (Print) | |
| 222 | 0 | |a Information systems journal |b (Oxford, England) | |
| 245 | 1 | 0 | |a Information systems journal. |
| 246 | 3 | 7 | |a Info systems j |
| 246 | 3 | 3 | |a Information systems journal : |b an international journal promoting the study and practice of information systems |
| 260 | |a Oxford, England : |b Blackwell Scientific Publications, |c 1994- | ||
| 300 | |a v. ; |c 24-25 cm. | ||
| 310 | |a Quarterly | ||
| 336 | |a text |b txt |2 rdacontent | ||
| 337 | |a unmediated |b n |2 rdamedia | ||
| 338 | |a volume |b nc |2 rdacarrier | ||
| 362 | 0 | |a Vol. 4, no. 1 (Jan. 1994)- | |
| 500 | |a Cover title. | ||
| 520 | |a An international journal promoting the study and practice of information systems. | ||
| 530 | |a Also available online in Blackwell synergy to UWA staff, students, registered borrowers, and any persons accessing from library terminals. | ||
| 580 | |a Continues: Journal of information systems (Oxford, England) | ||
| 650 | 0 | |a Information storage and retrieval systems |v Periodicals. | |
| 650 | 0 | |a Management information systems |v Periodicals. | |
| 650 | 0 | |a Information technology |v Periodicals. | |
| 650 | 0 | |a Information resources management |v Periodicals. | |
| 655 | 7 | |a Computer network resources. |2 local | |
| 655 | 7 | |a Electronic journals. |2 lcsh | |
| 655 | 4 | |a Electronic journals | |
| 776 | 1 | |t Information systems journal (Oxford, England : Online) |w (OCoLC)42201644 | |
| 780 | 0 | 0 | |t Journal of information systems (Oxford, England) |x 0959-2954 |
| 852 | 8 | |b CARM |p 0629583 |j 14:1(2004:01)-17:4(2007:10) |f SE | |
| 852 | 8 | |b CARM |p 0629596 |j 9:1(1999:01)-13:4(2003:10) |f SE | |
| 852 | 8 | |b CARM |p 0629841 |j 6:1(1996:01)-8:4(1998:10) |f SE | |
| 852 | 8 | |b SCAN |h A3:AI17F0 |i C13184 |p 0629596 |f SE | |
| 852 | 8 | |b SCAN |h A3:AI17F0 |i C13185 |p 0629583 |f SE | |
| 852 | 8 | |b SCAN |h A3:AH36F0 |i C13210 |p 0629841 |f SE | |
| 866 | 0 | |a 9:1(1999:01) - 17:4(2007:10) | |
| 856 | 4 | |u http://ejournals.ebsco.com/direct.asp?JournalID=101315 |z EBSCO EJS | |
| 856 | 4 | 1 | |u http://firstsearch.oclc.org |z Address for accessing the journal using authorization number and password through OCLC FirstSearch Electronic Collections Online. Subscription to online journal required for access to abstracts and full text |
| 856 | 4 | |u http://firstsearch.oclc.org |z Address for accessing the journal using authorization number and password through OCLC FirstSearch Electronic Collections Online. Subscription to online journal required for access to abstracts and full text | |
| 856 | 4 | 1 | |u http://www.blackwell-synergy.com/issuelist.asp?journal=isj |
| 856 | 4 | |u http://www.blackwell-synergy.com/servlet/useragent?func=showIssues&code=isj |z Blackwell Synergy | |
| 856 | 4 | 1 | |u http://www.blackwell-synergy.com/servlet/useragent?func=showIssues&code=isj |
| 856 | 4 | 1 | |u http://firstsearch.oclc.org/journal=1350-1917;screen=info;ECOIP |z Address for accessing the journal from an authorized IP address through OCLC FirstSearch Electronic Collections Online. Subscription to online journal required for access to abstracts and full text |
| 856 | |u http://findit.library.uwa.edu.au/sfxlcl3?url_ver=Z39.88-2004&url_ctx_fmt=infofi/fmt:kev:mtx:ctx&ctx_enc=info:ofi/enc:UTF-&&ctx_ver=Z39.88-2004&rfr_id=info:sid/III:ERM&rft.issn=1350-1917&rft.object_portfolio_id=3170000000200804&scv.fulltext=yes&sfx.ignore_date_threshold=1 |z <b>Wiley Online Library</b> |a 7- |b 1- |i 1997- |j 01- |k 01- | ||
| 856 | |u http://findit.library.uwa.edu.au/sfxlcl3?url_ver=Z39.88-2004&url_ctx_fmt=infofi/fmt:kev:mtx:ctx&ctx_enc=info:ofi/enc:UTF-&&ctx_ver=Z39.88-2004&rfr_id=info:sid/III:ERM&rft.issn=1350-1917&rft.object_portfolio_id=1000000000625905&scv.fulltext=yes&sfx.ignore_date_threshold=1 |z <b>Blackwell synergy archive</b> |i 1996-1996 |j 01-12 |k 01-31 | ||
| 856 | |u http://findit.library.uwa.edu.au/sfxlcl3?url_ver=Z39.88-2004&url_ctx_fmt=infofi/fmt:kev:mtx:ctx&ctx_enc=info:ofi/enc:UTF-&&ctx_ver=Z39.88-2004&rfr_id=info:sid/III:ERM&rft.issn=1350-1917&rft.object_portfolio_id=1000000000763369&scv.fulltext=yes&sfx.ignore_date_threshold=1 |z <b>Computers and applied sciences complete</b> |i 1998-2013 |j 01-11 |k 01-18 |x Chronology adjusted by 364 day embargo period | ||
| 856 | |u http://findit.library.uwa.edu.au/sfxlcl3?url_ver=Z39.88-2004&url_ctx_fmt=infofi/fmt:kev:mtx:ctx&ctx_enc=info:ofi/enc:UTF-&&ctx_ver=Z39.88-2004&rfr_id=info:sid/III:ERM&rft.issn=1350-1917&rft.object_portfolio_id=1000000000124224&scv.fulltext=yes&sfx.ignore_date_threshold=1 |z <b>Business source complete</b> |i 1998-2013 |j 01-11 |k 01-18 |x Chronology adjusted by 364 day embargo period | ||
| 856 | |u http://findit.library.uwa.edu.au/sfxlcl3?url_ver=Z39.88-2004&url_ctx_fmt=infofi/fmt:kev:mtx:ctx&ctx_enc=info:ofi/enc:UTF-&&ctx_ver=Z39.88-2004&rfr_id=info:sid/III:ERM&rft.issn=1350-1917&rft.object_portfolio_id=2560000001142027&scv.fulltext=yes&sfx.ignore_date_threshold=1 |z Information systems journal -- WILEY_ONLINE_LIBRARY_PILOT_2014 |a 7- |b 1- |i 1997- |j 01- |k 01- | ||
| 856 | 4 | |u http://firstsearch.oclc.org/journal=1350-1917;screen=info;ECOIP |z Address for accessing the journal from an authorized IP address through OCLC FirstSearch Electronic Collections Online. Subscription to online journal required for access to abstracts and full text | |
| 856 | |x BLDSS |u http://onlinelibrary.wiley.com |3 1850-9999 | ||
| 999 | f | f | |i 7bacf682-5bfc-5e19-b744-0491c394859e |s 34e707f4-71b6-527f-95c4-9fdead80222f |
| 952 | f | f | |p Can circulate |a CAVAL |b CAVAL |c CAVAL |d CARM 1 Store |i book |m 0629841 |
| 952 | f | f | |p Can circulate |a CAVAL |b CAVAL |c CAVAL |d CARM 1 Store |i book |k 14:1(2004:01)-17:4(2007:10) |m 0629583 |
| 952 | f | f | |p Can circulate |a CAVAL |b CAVAL |c CAVAL |d CARM 1 Store |i book |k 9:1(1999:01)-13:4(2003:10) |m 0629596 |
| 952 | f | f | |a CAVAL |b CAVAL |c CAVAL |d Unmapped Location |e C13210 |f A3:AH36F0 |h Other scheme |
| 952 | f | f | |a CAVAL |b CAVAL |c CAVAL |d Unmapped Location |e C13185 |f A3:AI17F0 |h Other scheme |
| 952 | f | f | |a CAVAL |b CAVAL |c CAVAL |d Unmapped Location |e C13184 |f A3:AI17F0 |h Other scheme |